Statistiques concernant Devinez le Département Mystère #96

Cliquez ici pour prendre le quiz!

Statistiques générales

  • Ce quiz a été pris 101 fois
  • Le résultat moyen est 29 sur 37

Statistiques - réponses

Type de RéponseRéponse% Correct
Lettre de l'AlphabetA
100%
Lettre de l'AlphabetN
100%
Lettre TrouvéeR
100%
Lettre TrouvéeE
99%
Lettre de l'AlphabetI
99%
Lettre TrouvéeO
99%
Lettre de l'AlphabetT
98%
Lettre de l'AlphabetL
97%
Lettre TrouvéeD
95%
Lettre TrouvéeS
95%
Lettre de l'AlphabetH
94%
Lettre de l'AlphabetM
94%
Lettre TrouvéeU
93%
Lettre TrouvéeC
88%
Lettre de l'AlphabetV
86%
Lettre de l'AlphabetP
84%
Lettre de l'AlphabetG
83%
Lettre de l'AlphabetB
81%
Lettre de l'AlphabetY
77%
Lettre de l'AlphabetF
74%
Lettre de l'AlphabetQ
69%
Lettre de l'AlphabetJ
66%
Lettre de l'AlphabetX
63%
Lettre de l'AlphabetZ
63%
Lettre Bien PlacéeC
60%
Département MystèreCorse-du-Sud
60%
Lettre Bien PlacéeD
60%
Lettre Bien PlacéeD
60%
Lettre Bien PlacéeE
60%
Lettre de l'AlphabetK
60%
Lettre Bien PlacéeO
60%
Lettre Bien PlacéeR
60%
Lettre Bien PlacéeS
60%
Lettre Bien PlacéeS
60%
Lettre Bien PlacéeU
60%
Lettre Bien PlacéeU
60%
Lettre de l'AlphabetW
60%

Distribution des résultats

Percentile par nombre de réponses

% des personnes avec chaque résultat

Votre développement - résultats

Vous n’avez pas pris ce quiz